| 000 | 00722cab a2200253 4500 | ||
|---|---|---|---|
| 001 | ABS59461 | ||
| 008 | 090401t1998 xxu||||| |||| 00| 0 eng d | ||
| 035 | _a(Sirsi) u89484 | ||
| 041 | _aeng | ||
| 100 | _aCatalano, A. | ||
| 245 | 2 | _aA tighter fist | |
| 260 | _c1998 | ||
| 350 | _a0 | ||
| 490 |
_aEstates Gazette _v(9844) 31 October 1998, 54-56(2) |
||
| 520 | _aAsks to what extent turmoil on the world`s financial markets is affecting UK property funding. | ||
| 650 | _aBANKING SECTOR | ||
| 650 | _aFINANCIAL CRISIS | ||
| 650 | _aFINANCIAL MARKETS | ||
| 650 | _aPROPERTY FUNDING | ||
| 650 | _aPROPERTY LENDERS | ||
| 690 | _aPROPERTY-PROPERTY FINANCE AND INVESTMENT | ||
| 942 | _n0 | ||
| 948 | _c04/11/1998 | ||
| 999 |
_c56621 _d56621 |
||